000 00421nam a2200157 4500
001 108158
003 ES-MaACL
005 20230906184606.0
007 t|
008 061121s1931 sp r ||||1| spa d
100 1 _aMontañés, Pablo.
_982392
245 1 3 _aUn ejemplo a seguir en lucha antileprosa /
_cP. Montañés.
260 _a[s.l. :
_bs.n.],
_c1931.
300 _a12 p. ;
_c24 cm.
852 _aES-MaACL
_j1753-F-2
999 _c108158
_d108158